[Event "Mittelrhein Verbandsliga-N 18/19"]
[Site "Nordrheinwestfalen"]
[Date "2019.05.05"]
[Round "10.7"]
[White "Weiland, Herbert"]
[Black "Lahm, Uwe"]
[Result "1/2-1/2"]
[WhiteElo "1715"]
[BlackElo "1856"]
[PlyCount "122"]
[EventDate "2018.09.02"]
[EventType "team-tourn"]
[EventRounds "12"]
[EventCountry "GER"]
[SourceTitle "EXT 2022"]
[Source "ChessBase"]
[SourceDate "2021.10.06"]
[SourceVersion "1"]
[SourceVersionDate "2021.10.06"]
[SourceQuality "1"]
[WhiteTeam "Rheinpark BSG"]
[BlackTeam "Leverkusen SC Bayer"]
[WhiteTeamCountry "GER"]
[BlackTeamCountry "GER"]

1. d4 b6 2. Nf3 e6 3. c4 Bb7 4. Nc3 f5 5. g3 Nf6 6. Bg2 Bb4 7. 0-0 0-0 8. Bd2 Bxc3 9. Bxc3 Ne4 10. Qc2 Qe8 11. Nd2 Qg6 12. Nxe4 fxe4 13. f3 Re8 14. fxe4 d5 15. b3 Nd7 16. Qb2 dxe4 17. e3 Nf6 18. Rae1 Ng4 19. Bh3 Rf8 20. Qe2 h5 21. Bxg4 hxg4 22. Rf4 Rxf4 23. gxf4 Qh5 24. Rf1 Kf7 25. Be1 Kg6 26. Bg3 Qf5 27. Rd1 a5 28. Qc2 c5 29. dxc5 Qxc5 30. Qd2 Rc8 31. Qd4 Rc6 32. Qxc5 Rxc5 33. Rd6 Rc6 34. Rxc6 Bxc6 35. a3 b5 36. cxb5 Bxb5 37. Be1 a4 38. bxa4 Bxa4 39. Bc3 Kf7 40. Kf2 g6 41. Kg3 Bd1 42. Kh4 Kg8 43. Kg5 Kf7 44. Kh4 Kg8 45. Kg3 Kh7 46. Kf2 Kh6 47. Bf6 Kh5 48. Ke1 Ba4 49. Kd2 Bc6 50. Kc3 g3 51. hxg3 Kg4 52. Kb4 Kf3 53. Bd4 Kxg3 54. a4 Kg4 55. a5 g5 56. fxg5 Kxg5 57. a6 Kf5 58. a7 e5 59. Bc5 Ke6 60. Ka5 Kd7 61. Bb6 Kc8 1/2-1/2

[Event "Mittelrhein Verbandsliga-M 15/16"]
[Site "Nordrheinwestfalen"]
[Date "2015.10.18"]
[Round "3.8"]
[White "Lahm, Uwe"]
[Black "Kuehnast, Volker"]
[Result "1/2-1/2"]
[WhiteElo "1782"]
[BlackElo "1796"]
[PlyCount "49"]
[EventDate "2015.09.06"]
[EventType "team-tourn"]
[EventRounds "11"]
[EventCountry "GER"]
[SourceTitle "EXT 2022"]
[Source "ChessBase"]
[SourceDate "2021.10.06"]
[SourceVersion "1"]
[SourceVersionDate "2021.10.06"]
[SourceQuality "1"]
[WhiteTeam "Leverkusen SC Bayer"]
[BlackTeam "Bergische SF"]
[WhiteTeamCountry "GER"]
[BlackTeamCountry "GER"]

1. c4 g6 2. Nc3 d6 3. b3 Bg7 4. Bb2 e5 5. e3 Nc6 6. a3 Nh6 7. Nd5 0-0 8. Ne2 Ne7 9. Nec3 c6 10. Nxe7+ Qxe7 11. h4 f5 12. Qc2 Be6 13. Be2 d5 14. d3 d4 15. Nd1 b5 16. Bc1 Rfd8 17. e4 bxc4 18. Bg5 cxb3 19. Qd2 Bf6 20. Bxf6 Qxf6 21. Qxh6 fxe4 22. h5 c5 23. hxg6 Qxg6 24. Rh5 Qxh6 25. Rxh6 1/2-1/2

[Event "Verbandsliga Mittelrhein-Ost 1213"]
[Site "Germany"]
[Date "2013.02.03"]
[Round "7.5"]
[White "Lahm, Uwe"]
[Black "Loeffler, Friedrich"]
[Result "0-1"]
[WhiteElo "1816"]
[BlackElo "1905"]
[PlyCount "134"]
[EventDate "2012.09.09"]
[EventType "team"]
[EventRounds "11"]
[EventCountry "GER"]
[SourceTitle "EXT 2015"]
[Source "ChessBase"]
[SourceDate "2014.11.20"]
[SourceVersion "1"]
[SourceVersionDate "2014.11.20"]
[SourceQuality "1"]
[WhiteTeam "Bayer Leverkusen II"]
[BlackTeam "Bruehl II"]
[WhiteTeamCountry "GER"]
[BlackTeamCountry "GER"]

1. c4 Nf6 2. b3 e6 3. Bb2 d5 4. e3 c5 5. cxd5 exd5 6. Qc2 Nc6 7. a3 Be7 8. Bd3 h6 9. Ne2 0-0 10. 0-0 Be6 11. Nbc3 Rc8 12. Nf4 a6 13. Nxe6 fxe6 14. f4 b5 15. Rf3 c4 16. bxc4 bxc4 17. Bg6 Qb6 18. Rg3 Qb3 19. Ne2 Qxc2 20. Bxc2 Bc5 21. Bc3 Ne7 22. Nd4 Bxd4 23. Bxd4 Nf5 24. Bxf5 exf5 25. Rb1 Rc6 26. Kf1 Nh5 27. Rf3 g6 28. h3 Ng7 29. Be5 Ne6 30. g4 Nc5 31. Ke2 Nb3 32. Rg1 Kh7 33. h4 fxg4 34. Rxg4 Rf5 35. Rh3 Nc1+ 36. Kf1 Nd3 37. Bd4 h5 38. Rg5 Rc8 39. Rxf5 gxf5 40. Rg3 Rg8 41. Rg5 Rxg5 42. fxg5 Kg6 43. Ke2 f4 44. Kf3 fxe3 45. dxe3 Kf5 46. Bc3 Nc5 47. Ke2 Nd7 48. Bd4 Nf8 49. Kf3 Ng6 50. Kg3 Ke4 51. a4 c3 52. Bxc3 Kxe3 53. Be1 d4 54. Bf2+ Ke4 55. Be1 Kd3 56. Kf3 Kc2 57. Ke4 d3 58. Kf5 Nxh4+ 59. Bxh4 d2 60. g6 d1Q 61. Bg5 Qd5+ 62. Kf6 Qg8 63. g7 Kb3 64. a5 Kb4 65. Bd2+ Kb5 66. Bc3 h4 67. Kf5 h3 0-1

[Event "Verbandsliga Mittelrhein-Ost 1213"]
[Site "Germany"]
[Date "2013.01.13"]
[Round "6.5"]
[White "Nagel, Thorsten"]
[Black "Lahm, Uwe"]
[Result "1-0"]
[WhiteElo "2024"]
[BlackElo "1816"]
[PlyCount "85"]
[EventDate "2012.09.09"]
[EventType "team"]
[EventRounds "11"]
[EventCountry "GER"]
[SourceTitle "EXT 2015"]
[Source "ChessBase"]
[SourceDate "2014.11.20"]
[SourceVersion "1"]
[SourceVersionDate "2014.11.20"]
[SourceQuality "1"]
[WhiteTeam "Rheinbacher SF"]
[BlackTeam "Bayer Leverkusen II"]
[WhiteTeamCountry "GER"]
[BlackTeamCountry "GER"]

1. e4 b6 2. d4 Bb7 3. Nc3 e6 4. Nf3 Bb4 5. Bd3 c5 6. 0-0 Bxc3 7. bxc3 c4 8. Bxc4 Bxe4 9. Qe2 Nf6 10. Ba3 Qc7 11. Ng5 d5 12. Bb5+ Nbd7 13. c4 a6 14. Bxd7+ Qxd7 15. Nxe4 Nxe4 16. cxd5 Qxd5 17. c4 Qf5 18. d5 h5 19. Qb2 Rb8 20. f3 Ng5 21. Qb4 Qf6 22. Qa4+ b5 23. Qxa6 Qd4+ 24. Kh1 Qb6 25. Qxb6 Rxb6 26. cxb5 Rxb5 27. h4 Rxd5 28. hxg5 Rxg5 29. Rfd1 f6 30. Bc1 Ra5 31. Be3 h4 32. a4 Ke7 33. Bb6 Rg5 34. a5 h3 35. g4 f5 36. Bd8+ Rxd8 37. Rxd8 Kxd8 38. a6 fxg4 39. a7 g3 40. a8Q+ Ke7 41. Qh8 g6 42. Qh4 Kf6 43. f4 1-0

[Event "Mittelrhein Verbandsliga-M 1112"]
[Site "Germany"]
[Date "2012.01.15"]
[Round "5.6"]
[White "Gross, Hans Joachim"]
[Black "Lahm, Uwe"]
[Result "1/2-1/2"]
[WhiteElo "1653"]
[BlackElo "1821"]
[PlyCount "65"]
[EventDate "2011.09.18"]
[EventType "team-tourn"]
[EventRounds "11"]
[EventCountry "GER"]
[SourceTitle "EXT 2013"]
[Source "ChessBase"]
[SourceDate "2012.11.22"]
[SourceVersion "1"]
[SourceVersionDate "2012.11.22"]
[SourceQuality "1"]
[WhiteTeam "Godesberg V"]
[BlackTeam "Bayer Leverkusen"]
[WhiteTeamCountry "GER"]
[BlackTeamCountry "GER"]

1. Nf3 b6 2. g3 Bb7 3. Bg2 e6 4. d3 f5 5. e4 fxe4 6. Ng5 Nc6 7. Bxe4 Qf6 8. Nxh7 Rxh7 9. Bxh7 Ne5 10. Be4 Bc5 11. 0-0 d5 12. Bg2 0-0-0 13. c3 d4 14. c4 Nf3+ 15. Kh1 g5 16. Bxg5 Nxg5 17. Bxb7+ Kxb7 18. f4 Nf7 19. Qf3+ Kb8 20. Nd2 Qh6 21. Rae1 Ne7 22. Re2 Nf5 23. a3 Ne3 24. Rb1 Rf8 25. b4 Ne5 26. Qe4 Qh5 27. Ree1 Rh8 28. h4 Qg4 29. Kh2 Rxh4+ 30. gxh4 Qxh4+ 31. Kg1 Qg3+ 32. Kh1 Qh3+ 33. Kg1 1/2-1/2

[Event "Leverkusen Bayer op 2nd"]
[Site "Leverkusen"]
[Date "1997.10.05"]
[Round "6"]
[White "Windhausen, Georg"]
[Black "Lahm, Uwe"]
[Result "1-0"]
[WhiteElo "2200"]
[BlackElo "1910"]
[PlyCount "39"]
[EventDate "1997.10.??"]
[EventType "swiss"]
[EventRounds "7"]
[EventCountry "GER"]
[SourceTitle "CBM 060 Extra"]
[Source "ChessBase"]
[SourceDate "1997.11.04"]
[SourceVersion "1"]
[SourceVersionDate "1997.11.04"]
[SourceQuality "1"]

1. Nc3 b6 2. f4 e6 3. Nf3 Bb7 4. e3 c5 5. Be2 a6 6. 0-0 Qc7 7. d3 Nc6 8. Qe1 Nb4 9. Bd1 Nf6 10. e4 Be7 11. a3 Nc6 12. Qg3 Nh5 13. Qh3 Nxf4 14. Qg3 g5 15. Nxg5 e5 16. Nxf7 Nd4 17. Nxh8 0-0-0 18. Nf7 Rf8 19. Nxe5 Qxe5 20. Rxf4 1-0

[Event "Leverkusen Bayer op 2nd"]
[Site "Leverkusen"]
[Date "1997.10.04"]
[Round "4"]
[White "Eckert, Frank"]
[Black "Lahm, Uwe"]
[Result "1-0"]
[WhiteElo "2165"]
[BlackElo "1910"]
[PlyCount "101"]
[EventDate "1997.10.??"]
[EventType "swiss"]
[EventRounds "7"]
[EventCountry "GER"]
[SourceTitle "CBM 060 Extra"]
[Source "ChessBase"]
[SourceDate "1997.11.04"]
[SourceVersion "1"]
[SourceVersionDate "1997.11.04"]
[SourceQuality "1"]

1. Nf3 b6 2. g3 Bb7 3. Bg2 c5 4. c4 e6 5. Nc3 a6 6. 0-0 Qc7 7. e4 Bd6 8. d3 Ne7 9. b3 0-0 10. Bb2 Nbc6 11. Qd2 f5 12. Rad1 Rad8 13. Rfe1 f4 14. Ne2 fxg3 15. hxg3 Ng6 16. d4 cxd4 17. Nexd4 Bb4 18. Bc3 Bc5 19. Re2 Nce5 20. Nxe5 Qxe5 21. b4 Bxd4 22. Bxd4 Qc7 23. Qe3 Rc8 24. Bxb6 Qxc4 25. Bc5 Rf7 26. a4 Ne5 27. Rd4 Rxc5 28. Rxc4 Rxc4 29. Rb2 Ng4 30. Qg5 h5 31. f3 Nf6 32. Qe3 Kh7 33. e5 g6 34. exf6 Rxf6 35. f4 d5 36. Qb6 Rc1+ 37. Kh2 Bc8 38. Qd6 Rf7 39. b5 axb5 40. axb5 h4 41. gxh4 Rc4 42. Rb4 Rd7 43. Qf8 Rc2 44. Qf6 Ra7 45. Rb2 Rc4 46. b6 Rb7 47. Bf1 Ra4 48. Bd3 Rg7 49. h5 Bb7 50. Bxg6+ Kh8 51. h6 1-0